书目信息 |
| 题名: |
企业战略类型及模式组合与绩效的动态映射研究
|
|
| 作者: | 雷辉 著 | |
| 分册: | ||
| 出版信息: | 北京 科学出版社 2018 |
|
| 页数: | 273页 | |
| 开本: | 24cm | |
| 丛书名: | ||
| 单 册: | ||
| 中图分类: | F272.1 | |
| 科图分类: | ||
| 主题词: | 企业管理--战略管理--研究 | |
| 电子资源: | ||
| ISBN: | 978-7-03-059542-3 | |
| 000 | 01202nam0 2200241 450 | |
| 001 | 012001011863 | |
| 005 | 20141123105327.0 | |
| 010 | @a978-7-03-059542-3@dCNY118.00 | |
| 100 | @a20190226d2018 em y0chiy50 ea | |
| 101 | 0 | @achi |
| 102 | @aCN@b110000 | |
| 105 | @aak z 000yy | |
| 106 | @ar | |
| 200 | 1 | @a企业战略类型及模式组合与绩效的动态映射研究@9qi ye zhan lue lei xing ji mo shi zu he yu ji xiao de dong tai ying she yan jiu@f雷辉著 |
| 210 | @a北京@c科学出版社@d2018 | |
| 215 | @a273页@c图@d24cm | |
| 300 | @a国家自然科学基金 教育部人文社会科学研究一般项目 湖南省协同创新平台项目 湖南省智库专项课题 | |
| 330 | @a本书以企业战略和绩效为核心,引入组合与动态映射这两个新的研究视角,研究战略类型及模式组合与绩效的动态映射关系。首先识别企业的竞争战略和战略的实施模式,然后建立战略绩效指标体系并对企业绩效水平进行评价,最后在此基础上研究企业战略对绩效的影响,以及战略类型、模式组合、绩效三者之间的动态映射关系。本书主要从战略类型与实施模式的匹配关系;企业战略绩效的度量与优化;战略类型及模式组合与绩效的互动关系三个方面展开研究。 | |
| 606 | 0 | @a企业管理@x战略管理@x研究 |
| 690 | @aF272.1@v5 | |
| 701 | 0 | @a雷辉@9lei hui@4著 |
| 801 | 0 | @aCN@b上海新华@c20191020 |
| 905 | @b1184557-60@dF272.1@e1689@f4 | |
| 企业战略类型及模式组合与绩效的动态映射研究/雷辉著.-北京:科学出版社,2018 |
| 273页:图;24cm |
| 国家自然科学基金 教育部人文社会科学研究一般项目 湖南省协同创新平台项目 湖南省智库专项课题 |
| ISBN 978-7-03-059542-3:CNY118.00 |
| 本书以企业战略和绩效为核心,引入组合与动态映射这两个新的研究视角,研究战略类型及模式组合与绩效的动态映射关系。首先识别企业的竞争战略和战略的实施模式,然后建立战略绩效指标体系并对企业绩效水平进行评价,最后在此基础上研究企业战略对绩效的影响,以及战略类型、模式组合、绩效三者之间的动态映射关系。本书主要从战略类型与实施模式的匹配关系;企业战略绩效的度量与优化;战略类型及模式组合与绩效的互动关系三个方面展开研究。 |
| ● |
| 相关链接 |
|
|
|
|
正题名:企业战略类型及模式组合与绩效的动态映射研究
索取号:F272.1/1689
 
预约/预借
| 序号 | 登录号 | 条形码 | 馆藏地/架位号 | 状态 | 备注 |
| 1 | 1184557 | 211845574 | 第一样本阅览室/ [索取号:F272.1/1689] | 在馆 | |
| 2 | 1184558 | 211845583 | 第一借阅区/ [索取号:F272.1/1689] | 在馆 | |
| 3 | 1184559 | 211845592 | 第一借阅区/ [索取号:F272.1/1689] | 在馆 | |
| 4 | 1184560 | 211845609 | 第一借阅区/ [索取号:F272.1/1689] | 在馆 |